000 02302aam a2200325 i 4500
001 768714001
003 CO-MdFUSB
005 20250529152601.0
007 ta
008 250529t2002 sp ||||| |||| 00| 0 spa d
020 _a84-666-0675-0
040 _cCO-MdFUSB
041 0 _aspa
082 0 4 _223
_a303.6
_bV293i
100 1 _aVarela, Nuria
_eautor
245 1 0 _aÍbamos a ser reinas :
_bmentiras y complicidades que sustentan la violencia contra las mujeres
_c/ Nuria Varela
250 _asegunda edición
264 1 _bEdiciones B,
_aBarcelona, España :
_c[2002]
264 4 _c©2002
300 _a309 páginas
336 _atexto
_btxt
_2rdacontent
337 _2rdamedia
_asin mediación
_bn
338 _2rdacarrier
_avolumen
_bnc
520 _aEdición actualizada de este libro de referencia. Una investigación rigurosamente documentada sobre la violencia de género. La violencia contra las mujeres en el siglo XXI perdura con la misma fuerza con que ha recorrido toda la historia de la humanidad. Los agresores no son locos ni enfermos; ni su edad ni la pobreza ni el alcohol los justifican. Desde su primera aparición, Íbamos a ser reinas se ha convertido en el libro esencial para desentrañar por qué se tortura a las mujeres en sus propias casas, cómo lo soportan ellas y qué mecanismos sociales, educativos, legales y religiosos actúan como cómplices eficaces para que la sociedad no se decida a terminar con una plaga que cada año asesina a mujeres en España y en todo el mundo. Íbamos a ser reinas propone un recorrido por el espinoso tema de la violencia de género: revisa los mitos y errores que corren sobre la violencia contra las mujeres, habla del miedo, habla del sexo, habla de las desiguales relaciones de poder que rigen en muchas parejas, y aborda el maltrato en sus vertientes psicológicas, judicial, social y familiar. También alude a la libertad y al derecho a una vida digna, ofrece cifras actualizadas y presenta una pequeña guía de recursos sociales al alcance de todas aquellas personas que puedan necesitarlos. Reseña: Una investigación seria, rigurosa y documentada sobre la violencia de género. Marcela Serrano
563 _aRústico
653 _aViolencia -
653 _aMujer
942 _cBK
945 _aElías Tolentino
999 _c39352
_d39352